Los costos en la empresa agropecuaria /

Guardado en:
Autor Principal: Durán, Regina. (Autor)
Otros Autores: Balsategui, Juan. (Director), Suárez, Mariela. (Editor )
Formato: Libro
Idioma:Spanish
Publicado: Buenos Aires : AACREA, 2011.
Edición:1a. ed.
Materias:
Etiquetas: Agregar Etiqueta
Sin Etiquetas, Sea el primero en etiquetar este registro!
LEADER 00641nam a22001935a 4500
001 EAD.ead002839
008 110606s2011####ag############000#0#spa#d
005 20111019134732.0
245 0 4 |a Los costos en la empresa agropecuaria /  |c director: Juan Balsategui ; edición: Mariela Suárez. 
250 |a 1a. ed. 
260 |a Buenos Aires :  |b AACREA,  |c 2011. 
300 |a 80 p. ;  |c 26 cm. 
020 |z 9789871513086 
700 1 |a Balsategui, Juan.  |4 drt 
700 1 |a Suárez, Mariela.  |4 edt 
700 1 |a Durán, Regina.  |4 aut 
653 |a Empresas agrícolas 
650 7 |a Costos.  |2 unbist 
859 |a AR-BaBDC  |b BIB. ADMINISTRACION - Libros  |h 630.68  |i D931-1  |p b06392